Cumulatividade dos adicionais de insalubridade e periculosidade

Bibliographic Details
Main Author: Buck, Regina Cľia
Format: eBook
Language:Portuguese
Published: San Pablo: LTR, 2017
Subjects:
Online Access:Acceso restringido

MARC

LEADER 00000nam a22000007a 4500
005 20180320215842.0
007 cr|||| ||||
008 180320s2017 br |||||s|||| 00||0 por d
020 |a 978-85-361-9277-2 
035 |a 21117 
040 |a vLex 
090 |c 7521  |d 7521 
100 1 |a Buck, Regina Cľia 
245 1 0 |a Cumulatividade dos adicionais de insalubridade e periculosidade  |h [Recurso electrn̤ico] /  |c Regina Cľia Buck 
256 |a Servicio en ln̕ea 
260 |a San Pablo:  |b LTR,  |c 2017 
300 |a 1 recurso electrn̤ico 
506 1 |a Disponible solo en los productos indicados  |d vLex Global  |d vLex Global (Academic Edition, excluding Law Schools)  |d vLex Global (U.S. Academic Edition, Law Schools)  |d vLex Global (U.S. Academic Edition, excluding Law Schools)  |d vLex Global (Academic Edition, Law Schools) 
650 0 4 |a Derecho Laboral y Seguridad Social  |z Brasil 
740 0 |a vLex Libros (Servicio en ln̕ea) 
856 4 0 |u http://vlex.com/source/cumulatividade-adicionais-insalubridade-periculosidade-21117  |z Acceso restringido 
942 |c BOOK 
999 0 |a Labor law and social security